| 000 | 00391nam a2200169Ia 4500 | ||
|---|---|---|---|
| 003 | OSt | ||
| 005 | 20240531123511.0 | ||
| 008 | 170619s9999 xx 000 0 und d | ||
| 020 | _a9780074517703 | ||
| 040 | _cIIMT ENGINEERING COLLEGE | ||
| 100 | _aMonappa- Arun | ||
| 245 | 0 | _aIndustrial relation | |
| 260 | _bNew Delhi T M H | ||
| 260 | _c2004 | ||
| 546 | _aENGLISH | ||
| 942 |
_2ddc _c02 |
||
| 999 |
_c22143 _d22143 |
||